LEADER 00937nam a2200241 4500 001 000000342243 003 CaOOAMICUS 005 20201103140421.0 008 200924s2010 tu a 000 u eng r 020 $a978-975-6445-40-2 040 $aSeMil$bita 100 1 $aCimok, Fatih.$0(OLS)http://semarc/name/111563 245 10$aMosaics of Istanbul /$cFatih Cimok. 264 1$aIstanbul :$bA Turizm Yayinlari,$c2010. 300 $a70 p. :$bill. ;$c23 cm 650 4$aMosaici - Istanbul.$0(OLS)http://semarc/subject/49575 850 $aSeMil 852 $aSeMil$W1$xVenegono$y1$m5T IX 46$j222129$B233195$CSeMilBibl$Z2$F233195 $81 961 $aPerego don Stefano - Omaggio 996 $6020$a978-975-6445-40-2$9(OLS)http://semarc/number/291313 996 $6245$aMosaics of Istanbul$9(OLS)http://semarc/title/431096 996 $6264$aIstanbul :$bA Turizm Yayinlari$9(OLS)http://semarc/publisher/59037 LEADER 01487nam a2200277 i 4500 001 000000195353 003 CaOOAMICUS 005 20101210000000.0 008 101210s1953 it u000 u ita u 013 $a174025 040 $aSeMil$bita 245 10$aPartecipazione attiva alla liturgia :$bAtti del 3. Convegno Internazionale di Studi Liturgici Lugano 14 - 18 Settembre 1953 /$ca cura di Luigi Agustoni e Giovanni Wagner. 260 $aComo :$bARS Comacina Lib. Editrice Vescovile,$c1953. 260 $aLugano (Svizzera) :$bCentro di liturgia e pastorale,$c1953. 300 $a254 p. ;$c22 cm. 490 0 $aCollana liturgica ;$v1 650 4$aLiturgia - Teologia.$0(OLS)http://semarc/subject/12266 700 1 $aWagner, Giovanni.$0(OLS)http://semarc/name/70910 700 1 $aAgustoni, Luigi,$c.$0(OLS)http://semarc/name/17900 830 0$aCollana liturgica ;$v1.$0(OLS)http://semarc/title/32302 850 $aSeMil 852 $aSeMil$W1$xVenegono$y1$m3K IV 172$j145922$B145922$CSeMilBibl$Z2$F157438 $81 961 $aRecupero: Biblioteca Seminario Seveso (fino al 1985) 996 $6245$aPartecipazione attiva alla liturgia :$bAtti del 3. Convegno Internazionale di Studi Liturgici Lugano 14 - 18 Settembre 1953$9(OLS)http://semarc/title/281831 996 $6260$aLugano (Svizzera) :$bCentro di liturgia e pastorale$9(OLS)http://semarc/publisher/36096 996 $6260$aComo :$bARS Comacina Lib. Editrice Vescovile$9(OLS)http://semarc/publisher/50748